| 000 | 00547nam a22001577a 4500 | ||
|---|---|---|---|
| 008 | 110908t2002 xxu||||g |||| 000 0 ara d | ||
| 082 |
_222 _a614.7 _bع ا ط |
||
| 100 |
_927076 _aعبد العاطى،السيد |
||
| 245 |
_aالإنسان و البيئة / _cالسيد عبد العاطى |
||
| 260 |
_aالقاهرة: _bدار المعرفة الجامعية،2002. _c2002. |
||
| 300 |
_a434ص، _c24سم. |
||
| 650 |
_916044 _aحماية البيئة |
||
| 650 |
_916043 _aالبيئة |
||
| 653 |
_bGeneral _cSeptember2011 |
||
| 942 |
_2ddc _cBB |
||
| 999 |
_c15977 _d15977 |
||